Ein[e] Sache wie die Liebe : Roman /

Bibliographic Details
Main Author: Bender, Hans, 1919-2015
Format: Book
Language:German
Published: Aachen : Rimbaud, [2008]
Series:Bender, Hans, 1919-2015. Works. 2002 ; Bd. 5.

MARC

Tag First Indicator Second Indicator Subfields
LEADER 00000cam a2200000 a 4500
001 in00002394830
005 20200406083731.0
008 080604s2008 gw 000 f ger c
020 |a 9783890865430 
020 |a 3890865437 
035 |a (OCoLC)ocn230737403 
040 |a CIN  |c CIN  |d CIN  |d TXA  |d UtOrBLW 
042 |a pcc 
049 |a TXAM 
050 4 |a PT2603.E446  |b S3 2008 
090 |a PT2603.E43  |b S3 2008 
100 1 |a Bender, Hans,  |d 1919-2015. 
245 1 7 |a Ein[e] Sache wie die Liebe :  |b Roman /  |c Hans Bender. 
264 1 |a Aachen :  |b Rimbaud,  |c [2008] 
264 4 |c ©2008 
300 |a 151 pages ;  |c 21 cm. 
336 |a text  |b txt  |2 rdacontent 
337 |a unmediated  |b n  |2 rdamedia 
338 |a volume  |b nc  |2 rdacarrier 
490 1 |a Ausgewählte Werke / Hans Bender ;  |v Bd. 5 
800 1 |a Bender, Hans,  |d 1919-2015.  |t Works.  |f 2002 ;  |v Bd. 5. 
948 |a cataloged  |b h  |c 2008/7/7  |d c  |e jmarner  |f 11:35:47 am 
994 |a C0  |b TXA 
999 |a MARS 
999 f f |s 81df46b7-706c-3fa0-8cbf-11b4cf85977a  |i 23037657-4356-3608-b136-4adc4861d386  |t 0 
952 f f |p normal  |a Texas A&M University  |b College Station  |c Sterling C. Evans Library  |d Evans: Library Stacks  |t 0  |e PT2603.E446 S3 2008  |h Library of Congress classification  |i unmediated -- volume  |m A14837228995 
998 f f |a PT2603.E446 S3 2008  |t 0  |l Evans: Library Stacks